000 00446nam a22001457a 4500
005 20150904092858.0
008 150904b xxu||||| |||| 00| 0 eng d
040 _cPK-LaUMT
082 _aKHC 297.9925
_bMUH-H
100 _aمحمد صادق قصوری
245 _aحضرت امیر ملت اور انکے خلفا
_cمحمد صادق قصوری
260 _aسیالکوٹ
_bمکتبہ نعمانیہ
_c1977
300 _a296 ص
942 _cBK
999 _c75410
_d75410